Haltestellen in Heidelberg - Sudden Death - Statistiken

Allgemein
  • Dieses Quiz wurde 194 mal gespielt
  • Das Durchschnittsergebnis liegt bei 8 aus 20
Answers on the Grid
Answers color-coded by a green-red scale on the quiz's grid according to % correct below.
Hauptbahnhof Süd
Hauptbahnhof Nord
Paradeplatz
Stadtbücherei
S-Bahnhof Weststadt/Südstadt
S-Bahnhof Neckarstadt
Universitätsplatz
Kronenplatz
Berufsschule
Mombertplatz
Neckarmünzplatz
Berliner Platz
Bahnhof Durlach
Kunsthalle
Kirchheim Friedhof
Wieblinger Brücke
Montpellierbrücke
Rheinstraße
Alte Feuerwache
Seegarten
Campus Bergheim
Alter Bahnhof
Betriebshof
Sportzentrum Nord
Nervenklinik
Studentenwohnheim
Stuttgarter Tor
Hans-Thoma-Platz
Postplatz
Stadthalle
Königstuhl
Gaisberghöhe
Kaiser-Wilhelm-Straße
Rohrbach Nord
Bismarckplatz
Adenauerplatz
Emmertsgrund
Sandhauser Platz
 
Antwortstatistiken
Antwort % Korrekt
Hauptbahnhof Süd
64%
S-Bahnhof Weststadt/Südstadt
59%
Stadtbücherei
57%
Universitätsplatz
54%
Betriebshof
48%
Bismarckplatz
47%
Campus Bergheim
45%
Montpellierbrücke
45%
Hans-Thoma-Platz
42%
Seegarten
40%
Neckarmünzplatz
35%
Kirchheim Friedhof
34%
Sportzentrum Nord
33%
Königstuhl
27%
Emmertsgrund
26%
Berufsschule
24%
Stadthalle
24%
Mombertplatz
20%
Rheinstraße
19%
Studentenwohnheim
14%
Keine übereinstimmenden Quizze gefunden
Verteilung der Resultate
Anzahl Personen mit jedem Resultat
Perzentil nach korrekt beantworteten Fragen
Ihre Resultats-Entwicklung
Sie haben dieses Quiz noch nicht gespielt